Statistics for Rock And Roll Hall Of Fame Inductees

Click here to take the quiz!

General Stats

  • This quiz has been taken 2,365 times
    (799 since last reset)
  • The average score is 109 of 216

Answer Stats

Year Performer % Correct
1988The Beatles
95%
1986Elvis Presley
91%
1994John Lennon
86%
1989The Rolling Stones
84%
2001Michael Jackson
84%
1999Paul McCartney
80%
1994Elton John
80%
2014Nirvana
80%
2004George Harrison
79%
1990The Who
79%
1993The Doors
79%
1995Led Zeppelin
79%
1992The Jimi Hendrix Experience
78%
1986Chuck Berry
77%
2001Queen
75%
2008Madonna
75%
1996Little Willie John
75%
2005U2
74%
1988Bob Dylan
73%
1995Janis Joplin
73%
1999Bruce Springsteen
73%
1986Buddy Holly
73%
2006Black Sabbath
73%
2009Metallica
72%
2001Aerosmith
72%
2000Eric Clapton
72%
1993Cream
71%
2003AC/DC
71%
1988The Beach Boys
70%
1987B.B. King
70%
1992Johnny Cash
69%
1987Aretha Franklin
69%
1995Al Green
69%
2003The Clash
68%
1986Little Richard
68%
2004Prince
68%
1986James Brown
68%
2001Paul Simon
68%
1996Pink Floyd
67%
1998Eagles
66%
1995Neil Young
66%
2002Ramones
65%
2006Sex Pistols
65%
1998Fleetwood Mac
65%
1986Jerry Lee Lewis
65%
1997The Jackson 5
65%
1988The Supremes
65%
1996David Bowie
65%
2013Albert King
64%
1997Crosby, Stills & Nash
63%
1993Creedence Clearwater Revival
63%
1986Ray Charles
62%
1990The Kinks
62%
2010Genesis
62%
2012Guns N' Roses
62%
2007Patti Smith
61%
1993Ruth Brown
61%
1990Simon & Garfunkel
60%
1989Stevie Wonder
59%
2002Tom Petty & The Heartbreakers
59%
2007Van Halen
59%
1987Marvin Gaye
59%
2017Pearl Jam
59%
2006Blondie
58%
2004ZZ Top
58%
1986Fats Domino
58%
1986Sam Cooke
58%
1991The Byrds
58%
2003The Police
58%
2015Green Day
58%
1999Billy Joel
58%
1993Etta James
57%
2017Journey
57%
1994The Animals
57%
2016Deep Purple
56%
1990Four Tops
56%
1997Bee Gees
56%
1989Otis Redding
56%
1987Roy Orbison
55%
1994Bob Marley
55%
2010ABBA
55%
1989The Temptations
55%
1993Van Morrison
55%
1986The Everly Brothers
54%
1998Santana
54%
1994Rod Stewart
54%
2015Joan Jett & The Blackhearts
54%
2014Kiss
54%
2015Lou Reed
54%
1991Ike & Tina Turner
53%
2009Run-D.M.C.
53%
2017Electric Light Orchestra
53%
2000James Taylor
53%
2012Red Hot Chili Peppers
53%
1996The Velvet Underground
52%
1987Muddy Waters
51%
1987Smokey Robinson
51%
2012Beastie Boys
51%
1987Bill Haley
51%
1998The Mamas & The Papas
51%
2002Talking Heads
51%
2007R.E.M.
51%
1996Jefferson Airplane
51%
1987Big Joe Turner
51%
2006Miles Davis
50%
1994Grateful Dead
50%
2016Chicago
50%
1997Joni Mitchell
50%
1995The Allman Brothers Band
50%
2013Rush
50%
1990The Four Seasons
49%
2006Lynyrd Skynyrd
49%
1987Ricky Nelson
49%
1991Jimmy Reed
48%
1999Dusty Springfield
48%
2003Elvis Costello • The Attractions
48%
2016N.W.A
48%
2011Alice Cooper
48%
2013Public Enemy
47%
2013Heart
47%
2001Ritchie Valens
47%
1987Jackie Wilson
47%
1994The Band
47%
2017Yes
46%
2014Peter Gabriel
46%
1987Carl Perkins
46%
1992The Yardbirds
46%
2000Earth, Wind & Fire
45%
1995Frank Zappa
45%
2013Donna Summer
45%
2003The Righteous Brothers
44%
2005The Pretenders
44%
1987Bo Diddley
43%
1993Sly & The Family Stone
43%
2010The Stooges
43%
2014Hall & Oates
42%
2007The Ronettes
42%
2011Neil Diamond
42%
1989Dion DiMucci
42%
2017Tupac Shakur
42%
2008John Mellencamp
41%
1992The Isley Brothers
41%
1991Wilson Pickett
41%
2016Steve Miller
41%
1997Buffalo Springfield
41%
1988The Drifters
41%
2010The Hollies
41%
1987Eddie Cochran
41%
2008Leonard Cohen
40%
1990The Platters
40%
2007Grandmaster Flash & The Furious Five
40%
2004Bob Seger
40%
1996The Shirelles
40%
1996Gladys Knight & The Pips
40%
2017Joan Baez
39%
2004Jackson Browne
39%
1999Curtis Mayfield
39%
2016Cheap Trick
38%
2012Small Faces • Faces
38%
2014Cat Stevens
38%
1991John Lee Hooker
38%
2012Donovan
37%
2014Linda Ronstadt
37%
2008The Dave Clark Five
37%
1987The Coasters
37%
2011Darlene Love
36%
1997Parliament-Funkadelic
35%
1992Sam & Dave
35%
2009Jeff Beck
35%
1990Bobby Darin
34%
1995Martha & The Vandellas
34%
2004Traffic
34%
2000Bonnie Raitt
34%
2000The Lovin' Spoonful
34%
2002Brenda Lee
34%
1987Clyde McPhatter
33%
2015Bill Withers
33%
2015Stevie Ray Vaughan • Double Trouble
33%
1999Del Shannon
33%
1998Gene Vincent
33%
1991LaVern Baker
32%
2005Buddy Guy
32%
1997The Rascals
32%
1992Booker T. & The M.G.'s
32%
2015Paul Butterfield Blues Band
31%
1992Bobby Bland
31%
2001The Flamingos
31%
2005The O'Jays
31%
2013Randy Newman
31%
2001Steely Dan
31%
1991The Impressions
30%
2001Solomon Burke
30%
2012*The Miracles
30%
2011Dr. John
30%
2011Tom Waits
30%
2005Percy Sledge
30%
2002Isaac Hayes
30%
2010Jimmy Cliff
30%
2009Bobby Womack
29%
2002Gene Pitney
29%
2012*The Crickets
29%
2012Laura Nyro
29%
1994Duane Eddy
29%
2004The Dells
28%
2008The Ventures
28%
1990Hank Ballard
28%
1993Frankie Lymon • The Teenagers
28%
1998Lloyd Price
27%
1999The Staple Singers
27%
2000The Moonglows
27%
2012*The Comets
27%
2009Little Anthony & The Imperials
26%
1990Charlie Christian
23%
2012*The Famous Flames
21%
2012*The Blue Caps
21%
2012*The Midnighters
20%

Score Distribution

Percentile by Number Answered

Percent of People with Each Score

Your Score History

You have not taken this quiz since the last reset